| 000 | 00501nam a2200205Ia 4500 | ||
|---|---|---|---|
| 005 | 20220715111521.0 | ||
| 008 | 131103s9999 xx 000 0 und d | ||
| 020 | _a861320662 | ||
| 040 | _aLoreto College | ||
| 041 | _aEnglish | ||
| 082 |
_a307.72 _bDES |
||
| 100 | _aDesai, A.R. | ||
| 245 |
_aRural sociology in India _cA.R. Desai |
||
| 250 | _a5th ed. | ||
| 260 |
_aLondon _bSangam Books _c1984 |
||
| 300 |
_ax,968p. _b ill. |
||
| 650 | _aSociology - India | ||
| 850 | _aLCLIB | ||
| 942 | _cBK | ||
| 999 |
_c20739 _d71218 |
||